Mele bianche /

Raccontare un romanzo di Jonathan Carroll è impossibile. Le sue trame nascondono una visione profonda e originale della vita e dell'umanità, ideale punto d'incontro tra fantascienza e filosofia. Vincent Ettrich è a cena con la sua nuova ragazza, Coco, quando incontra Bruno Mann, un suo collega che n...

Fuld beskrivelse

Saved in:
Bibliografiske detaljer
Hovedforfatter: Carroll, Jonathan (Author)
Andre forfattere: Olivieri, Lucia
Format: Bog
Sprog:italiensk
Udgivet: Roma : Fazi, 2003
Serier:Lain ; 6
Tags: Tilføj Tag
Ingen Tags, Vær først til at tagge denne postø!

MARC

LEADER 00000nam a22000007i 4500
001 IT\ICCU\RAV\1158400
003 ItRI
005 20260218102252.0
008 031103s2003 it |||||| ||||| |||||c
020 |a 8881124564 
020 |a 9788881124565 
040 |b ita  |c importazione bologna sebina 
041 7 |a ita  |2 ISO-639-2 
082 |a 813.54  |2 21 
100 1 |a Carroll, Jonathan  |0 IT\ICCU\REAV\096290  |4 aut 
240 1 0 |a White apples  |9 Carroll, Jonathan 
245 1 0 |a Mele bianche /  |c Jonathan Carroll ; traduzione di Lucia Olivieri. 
260 |a Roma :  |b Fazi,  |c 2003 
300 |a 297 p. ;  |c 21 cm 
520 |a Raccontare un romanzo di Jonathan Carroll è impossibile. Le sue trame nascondono una visione profonda e originale della vita e dell'umanità, ideale punto d'incontro tra fantascienza e filosofia. Vincent Ettrich è a cena con la sua nuova ragazza, Coco, quando incontra Bruno Mann, un suo collega che non vedeva da tempo. In quel momento riceve una chiamata che lo mette al corrente della recente morte di Bruno. Vincent ha un tracollo: si trova davanti a un uomo morto? Improvvisamente si sveglia a letto con Coco. Era solamente un incubo. Accarezzandole i capelli, però, nota sul suo collo una strana macchia che non aveva mai visto prima. Avvicinandosi si rende conto che è un tatuaggio, un nome: Bruno Mann. 
700 1 |a Olivieri, Lucia  |0 IT\ICCU\RAVV\100038 
830 0 |a Lain ;  |v 6  |0 IT\ICCU\LO1\0744369 
942 |2 ddc  |c BK  |n 0 
952 |0 0  |1 0  |4 0  |6 DOC_813_540000000000000_CAR  |7 0  |9 17485  |a BO  |b BO  |d 2026-01-15  |i 10320  |l 0  |o DOC 813.54 CAR  |p BO10320  |r 2026-01-15 23:19:39  |w 2026-01-15  |x [Sebina 5] [1 v.]  |y BK  |z 1 v. 
952 |0 0  |1 0  |4 0  |6 813_540000000000000_CAR_MEL  |7 0  |9 32984  |a VR  |b VR  |d 2026-02-16  |i 60  |l 0  |o 813.54 CAR MEL  |p OBE-60  |r 2026-02-16 15:28:37  |w 2026-02-16  |y BK 
999 |c 14911  |d 14911